|
|
|
|
| LEADER |
01083nam a22002892a 4500 |
| 001 |
000201740 |
| 003 |
CZ BrMZK |
| 005 |
20070921104253.0 |
| 007 |
ta |
| 008 |
950101s1985 xr f cze d |
| 015 |
|
|
|a cnb000010754
|
| 035 |
|
|
|a (OCoLC)39404068
|
| 040 |
|
|
|a BOA001
|b cze
|
| 080 |
9 |
|
|a 796.51
|
| 245 |
0 |
0 |
|a Značení turistických cest :
|b učební texty pro značkaře 3. třídy /
|c Milan Pernica a kol.
|
| 260 |
|
|
|a Praha :
|b Olympia,
|c 1985
|
| 300 |
|
|
|a 193 s., příl.
|
| 490 |
1 |
|
|a Učební texty
|
| 550 |
|
|
|a Vyd.: Tělovýchovná škola ČÚV ČSTV
|
| 700 |
1 |
|
|a Pernica, Milan
|7 jk01092577
|4 aut
|
| 710 |
2 |
|
|a Československý svaz tělesné výchovy.
|b Tělovýchovná škola
|7 kn20050504006
|
| 810 |
2 |
|
|a Československý svaz tělesné výchovy.
|b Český ústřední výbor.
|b Tělovýchovná škola.
|t Učební texty vysokých škol
|
| 910 |
|
|
|a BOA001
|b 4-0895.421
|
| 964 |
|
|
|a Cesty turistické - značení - učebnice
|
| 990 |
|
|
|a BK
|
| 991 |
|
|
|b 200709
|
| 996 |
7 |
|
|b 2619358614
|c 4-0895.421
|l MZK
|r Sklad / do 1 hodiny
|n 5
|w 000201740
|u 000010
|a 1
|e BOA001
|j MZK50
|s A
|